Regionalisierte Projektion von Eckwerte der Arbeitsmarktbilanz.

Koncepcia skúmania ukazovateľov trhu práce. Regionálne trendy vývoja trhu práce ako báza prognóz. Výpočet ukazovateľov vývoja pracovných miest, analýza regionálnych odchýlok od predpokladaného spolkového vývoja. Prognózy do r. 1995. Prognózy zárobkove činných osôb.

Salvato in:
Dettagli Bibliografici
Autore principale: Bade, F.J
Altri autori: Bucher, H., Sinz, M.
Natura: Capitolo di libro
Lingua:tedesco
Soggetti:
Tags: Aggiungi Tag
Nessun Tag, puoi essere il primo ad aggiungerne!!

MARC

LEADER 00000naa a2200000 4500
001 r010821
005 20221130103259.3
041 0 |a ger 
044 |a DE 
245 1 0 |a Regionalisierte Projektion von Eckwerte der Arbeitsmarktbilanz.  |c F.J. Bade, H. Bucher, M. Sinz 
520 |a Koncepcia skúmania ukazovateľov trhu práce. Regionálne trendy vývoja trhu práce ako báza prognóz. Výpočet ukazovateľov vývoja pracovných miest, analýza regionálnych odchýlok od predpokladaného spolkového vývoja. Prognózy do r. 1995. Prognózy zárobkove činných osôb. 
610 2 0 |a trh práce 
610 2 0 |a miesta pracovné 
610 2 0 |a regióny 
610 2 0 |a prognózy 
610 2 0 |a 1995 
610 2 0 |a Nemecko 
100 1 |a Bade, F.J. 
700 1 |a Bucher, H. 
700 1 |a Sinz, M.